000 00735nam a2200253Ia 4500
003 LK-CoDNM
005 20241002143803.0
008 010623t1969 xxu||||| |||| 00| 1 eng d
040 _aLK-CoDNM
_dLK-CoDNM
_eLK-CoDNM
041 _aeng
080 _a104
_bKK20
100 _aBell,H.C.P
245 _aArchaeological Survey of Ceylon
_bNorth-Central ,Central, and Central Provinces
260 _bJ.A.Skeen, Government Printers
_aColombo
_c1910
300 _b27p. : ill , ill , map ; 20 cm
490 _vVol VIII
650 _a104 KK20
650 _aEnglish
650 _aBell,H.C.P
650 _aArchaeological Survey of Ceylon
650 _aNorth-Central ,Central, and Central Provinces
650 _a1910
942 _cBK
999 _c217336
_d217336